[Event "Podlaskie-ch U15 Girls 17th"]
[Site "Suwalki"]
[Date "2011.04.18"]
[Round "6"]
[White "Kasperek, Kinga"]
[Black "Ociepka, Dominika"]
[Result "1-0"]
[WhiteElo "1509"]
[BlackElo "1421"]
[PlyCount "79"]
[EventDate "2011.04.14"]
[EventType "swiss"]
[EventRounds "10"]
[EventCountry "POL"]
[SourceTitle "EXT 2012"]
[Source "ChessBase"]
[SourceDate "2011.11.24"]
[SourceVersion "1"]
[SourceVersionDate "2011.11.24"]
[SourceQuality "1"]

1. e4 c5 2. Nf3 d6 3. d4 cxd4 4. Nxd4 Nf6 5. Nc3 g6 6. Be2 Bg7 7. Be3 0-0 8. Qd2 Nc6 9. 0-0 d5 10. exd5 Nxd5 11. Nxd5 Qxd5 12. Bf3 Qd6 13. Nxc6 Qxd2 14. Nxe7+ Kh8 15. Bxd2 Be6 16. Bb4 Rfd8 17. Rad1 Bxb2 18. Nd5 Rac8 19. c3 Bxd5 20. Rxd5 Rxd5 21. Bxd5 Kg8 22. Rb1 Bxc3 23. Rc1 Rd8 24. Bxf7+ Kxf7 25. Bxc3 Rc8 26. g3 b5 27. Bb2 Rxc1+ 28. Bxc1 Ke6 29. Bd2 Kd5 30. Kg2 Kc4 31. a3 Kb3 32. Bb4 Ka4 33. Kf3 a5 34. Bf8 b4 35. axb4 axb4 36. Kf4 b3 37. Bg7 h6 38. Ke4 Kb4 39. Kd5 g5 40. f4 1-0

[Event "Podlaskie-ch U15 Girls 17th"]
[Site "Suwalki"]
[Date "2011.04.18"]
[Round "7"]
[White "Kozaczynska, Aleksandra"]
[Black "Kasperek, Kinga"]
[Result "1/2-1/2"]
[WhiteElo "1452"]
[BlackElo "1509"]
[PlyCount "83"]
[EventDate "2011.04.14"]
[EventType "swiss"]
[EventRounds "10"]
[EventCountry "POL"]
[SourceTitle "EXT 2012"]
[Source "ChessBase"]
[SourceDate "2011.11.24"]
[SourceVersion "1"]
[SourceVersionDate "2011.11.24"]
[SourceQuality "1"]

1. e4 c5 2. Nf3 Nc6 3. d4 cxd4 4. Nxd4 Nf6 5. Nc3 g6 6. Nxc6 bxc6 7. Bd3 Bg7 8. Be3 0-0 9. 0-0 d5 10. exd5 cxd5 11. Be2 Bb7 12. Re1 Qd7 13. Qd2 Ng4 14. Bd4 Nf6 15. Rad1 Rad8 16. Bxa7 e5 17. Bc5 Rfe8 18. Bb5 Bc6 19. Bxc6 Qxc6 20. Bb4 d4 21. Ne2 Re6 22. f3 h5 23. b3 Kh7 24. a4 Nd5 25. Ba3 Rde8 26. Qd3 Rf6 27. Rb1 Bh6 28. a5 Be3+ 29. Kh1 Nc7 30. Bc1 Rxf3 31. c3 Rf2 32. Rg1 Nd5 33. Bxe3 Nxe3 34. cxd4 exd4 35. Nxd4 Qd5 36. Qb5 Qe4 37. Qc6 Nd5 38. b4 Rxg2 39. Rxg2 Qxb1+ 40. Rg1 Qe4+ 41. Rg2 Qb1+ 42. Rg1 1/2-1/2

[Event "POL-chT U19 42nd"]
[Site "Ustron"]
[Date "2011.??.??"]
[Round "6.12"]
[White "Konopacka, Martyna"]
[Black "Kasperek, Kinga"]
[Result "1/2-1/2"]
[WhiteElo "1646"]
[BlackElo "1493"]
[PlyCount "66"]
[EventDate "2011.06.24"]
[EventType "team-tourn"]
[EventRounds "9"]
[EventCountry "POL"]
[SourceTitle "EXT 2015"]
[Source "ChessBase"]
[SourceDate "2014.11.20"]
[SourceVersion "1"]
[SourceVersionDate "2014.11.20"]
[SourceQuality "1"]
[WhiteTeam "Rybnik MKSz U19"]
[BlackTeam "Chrzanow UKS SP 8 U19"]
[WhiteTeamCountry "POL"]
[BlackTeamCountry "POL"]

1. e4 e6 2. d4 c5 3. Nf3 cxd4 4. Nxd4 a6 5. Nc3 b5 6. a3 Bb7 7. Bd3 Be7 8. 0-0 Nf6 9. e5 Nd5 10. Nxd5 Bxd5 11. Be2 Qc7 12. Bf4 0-0 13. Bf3 Bxf3 14. Nxf3 Nc6 15. Qd3 Rfd8 16. c4 b4 17. a4 d5 18. exd6 Bxd6 19. Bxd6 Rxd6 20. Qc2 Rad8 21. Rfd1 Qd7 22. Re1 h6 23. h3 a5 24. Kf1 Nd4 25. Nxd4 Rxd4 26. Re2 Qc7 27. Rc1 Qh2 28. f3 Qf4 29. b3 Rd2 30. Qe4 Qg3 31. Rce1 R2d3 32. Re3 Rd2 33. R3e2 R2d3 1/2-1/2

[Event "POL-chT U19 42nd"]
[Site "Ustron"]
[Date "2011.??.??"]
[Round "4.18"]
[White "Lachowicz, Judyta"]
[Black "Kasperek, Kinga"]
[Result "1-0"]
[WhiteElo "1695"]
[BlackElo "1493"]
[PlyCount "71"]
[EventDate "2011.06.24"]
[EventType "team-tourn"]
[EventRounds "9"]
[EventCountry "POL"]
[SourceTitle "EXT 2015"]
[Source "ChessBase"]
[SourceDate "2014.11.20"]
[SourceVersion "1"]
[SourceVersionDate "2014.11.20"]
[SourceQuality "1"]
[WhiteTeam "Wroclaw MUKS MDK Srodmiescie U19"]
[BlackTeam "Chrzanow UKS SP 8 U19"]
[WhiteTeamCountry "POL"]
[BlackTeamCountry "POL"]

1. e4 c5 2. Nf3 Nc6 3. d4 cxd4 4. Nxd4 g6 5. Nc3 Bg7 6. Be3 Nf6 7. Bc4 0-0 8. Bb3 d6 9. f3 Bd7 10. Qd2 Rc8 11. 0-0-0 Ne5 12. Kb1 Nc4 13. Bxc4 Rxc4 14. g4 h5 15. gxh5 Nxh5 16. f4 Qa5 17. Nb3 Qd8 18. f5 b5 19. fxg6 fxg6 20. Bh6 b4 21. Qd5+ Kh7 22. Bxg7 Nxg7 23. Qxc4 bxc3 24. Qxc3 Be6 25. Nd4 Bd7 26. Rhf1 Rh8 27. Rf7 Rg8 28. Qg3 e5 29. Rg1 g5 30. Nf5 Kg6 31. Rxd7 Qxd7 32. Qxg5+ Kf7 33. Qg6+ Kf8 34. Qf6+ Ke8 35. Nxg7+ Rxg7 36. Rxg7 1-0

[Event "POL-chT U19 1st League"]
[Site "Suchedniow"]
[Date "2010.07.13"]
[Round "8"]
[White "Kasperek, Kinga"]
[Black "Lachowicz, Judyta"]
[Result "0-1"]
[WhiteElo "1587"]
[BlackElo "1785"]
[PlyCount "84"]
[EventDate "2010.07.06"]
[EventType "team-tourn"]
[EventRounds "9"]
[EventCountry "POL"]
[SourceTitle "EXT 2019"]
[Source "ChessBase"]
[SourceDate "2018.10.10"]
[SourceVersion "1"]
[SourceVersionDate "2018.10.10"]
[SourceQuality "1"]
[WhiteTeam "Chrzanow UKS SP 8 U19"]
[BlackTeam "Wroclaw MUKS MDK Srodmiescie U19"]
[WhiteTeamCountry "POL"]
[BlackTeamCountry "POL"]

1. e4 e5 2. Nf3 Nc6 3. Bc4 Nf6 4. Ng5 d5 5. exd5 Na5 6. Bb5+ c6 7. dxc6 bxc6 8. Be2 Bc5 9. 0-0 0-0 10. Nc3 Nd5 11. Nge4 Bb6 12. Bf3 f5 13. Ng3 e4 14. Be2 Qh4 15. d3 Bc7 16. Nxd5 cxd5 17. dxe4 Bb7 18. exd5 f4 19. d6 Bb6 20. Nh1 Rae8 21. Bf3 Ba6 22. Qd5+ Kh8 23. Rd1 Be2 24. d7 Bxd1 25. dxe8Q Rxe8 26. Qxd1 Nc4 27. b3 Ba5 28. g3 fxg3 29. hxg3 Qf6 30. Be3 Rd8 31. Qe2 Qxa1+ 32. Kg2 Nxe3+ 33. Qxe3 Bb6 34. Qe4 Qxa2 35. Be2 Qa5 36. Bd3 Qh5 37. f3 Re8 38. Qb4 Qg5 39. Be4 Qe3 40. Kh3 Qg1 41. f4 Qe3 42. Bc6 Qe6+ 0-1

[Event "POL-chT U19 1st League"]
[Site "Suchedniow"]
[Date "2010.07.11"]
[Round "6"]
[White "Kasperek, Kinga"]
[Black "Tracz, Marcelina"]
[Result "1-0"]
[WhiteElo "1587"]
[BlackElo "1669"]
[PlyCount "111"]
[EventDate "2010.07.06"]
[EventType "team-tourn"]
[EventRounds "9"]
[EventCountry "POL"]
[SourceTitle "EXT 2019"]
[Source "ChessBase"]
[SourceDate "2018.10.10"]
[SourceVersion "1"]
[SourceVersionDate "2018.10.10"]
[SourceQuality "1"]
[WhiteTeam "Chrzanow UKS SP 8 U19"]
[BlackTeam "Wieliczka MKS MOS U19"]
[WhiteTeamCountry "POL"]
[BlackTeamCountry "POL"]

1. e4 e5 2. Nf3 Nc6 3. Bc4 Bc5 4. c3 d6 5. d4 Bb6 6. 0-0 Nf6 7. dxe5 dxe5 8. Qxd8+ Nxd8 9. Re1 Ng4 10. Be3 Nc6 11. Bxb6 axb6 12. h3 Nf6 13. Bb5 Bd7 14. Bxc6 Bxc6 15. Nxe5 Bxe4 16. Nd2 Ra5 17. Nec4 Rf5 18. Nxe4 0-0 19. Nxf6+ Rxf6 20. Re7 Rc8 21. Rd1 h6 22. Rdd7 Ra8 23. Rxc7 b5 24. Na3 Rd8 25. Rcd7 Rc8 26. Rxb7 Rd8 27. Rbd7 Rc8 28. Nxb5 Rb6 29. a4 Ra8 30. b3 Rf8 31. c4 Ra6 32. c5 Rc6 33. Nd4 Rxc5 34. Ne6 Rc1+ 35. Kh2 Rb1 36. Nxf8 Kxf8 37. Re3 f6 38. a5 Ra1 39. b4 Ra4 40. Rb7 Kg8 41. Rb6 Kh7 42. a6 f5 43. b5 f4 44. Ree6 Ra2 45. f3 h5 46. Rb7 h4 47. a7 Ra5 48. Ra6 Rxa6 49. bxa6 Kh6 50. a8Q g5 51. Qh8+ Kg6 52. Qg7+ Kf5 53. Rb5+ Ke6 54. Qg6+ Kd7 55. Rb7+ Kc8 56. Qe8# 1-0

[Event "EU-chT Children 12 years old"]
[Site "St Constantin and Helena"]
[Date "2010.06.18"]
[Round "5.1"]
[White "Kasperek, Kinga"]
[Black "Mammadov, Gulam Ilham Oglu"]
[Result "0-1"]
[WhiteElo "1530"]
[BlackElo "1773"]
[PlyCount "80"]
[EventDate "2010.06.13"]
[EventType "team-swiss"]
[EventRounds "7"]
[EventCountry "BUL"]
[SourceTitle "EXT 2020"]
[Source "ChessBase"]
[SourceDate "2019.10.17"]
[SourceVersion "1"]
[SourceVersionDate "2019.10.17"]
[SourceQuality "1"]

1. e4 g6 2. d4 Bg7 3. c3 d6 4. Bd3 Nc6 5. Nf3 Nf6 6. 0-0 0-0 7. Be3 e5 8. d5 Ne7 9. Nbd2 Ng4 10. Bg5 h6 11. Bh4 f5 12. h3 Nf6 13. exf5 g5 14. Bg3 Nfxd5 15. h4 Nf4 16. Bc4+ d5 17. Bb3 g4 18. Nh2 h5 19. f3 Nxf5 20. Bxf4 exf4 21. fxg4 Ne3 22. Qf3 hxg4 23. Qe2 Nxf1 24. Rxf1 f3 25. gxf3 g3 26. Ng4 Bxg4 27. fxg4 Rxf1+ 28. Nxf1 c6 29. g5 Qd7 30. Nxg3 Qh3 31. Qh2 Qg4 32. Bc2 Be5 33. Kg2 Rf8 34. Bb3 Rf3 35. Bd1 Rxg3+ 36. Qxg3 Qxg3+ 37. Kf1 d4 38. cxd4 Bxd4 39. Ke2 Qe3+ 40. Kf1 Qf2# 0-1